01027cam a22002771 4500001001300000003000400013005001700017008004100034010001700075040005400092043001200146050002200158051002500180100002600205245010700231260004300338300007700381490005100458500002600509504003200535650003600567700003900603700003200642740005800674999001700732gs 25000139 DLC20260227111329.0770317s1925 dcuabf b f000 0 eng c ags 25000139  aU.S. Geol. survey. Libr. (200)E no. 772cakdDLC an-us-ak00aQE75b.B9 no. 772 aQE84.P6bP3cCopy 2.1 aPaige, Sidney,d1880-12aA reconnaissance of the Point Barrow region, Alaska,cby Sidney Paige, W. T. Foran, and James Gilluly. aWashington,bGovt. print. off.,c1925. av, 33 p.billus., IX pl. (incl. fold. map, fold. diagr.) tables.c23 cm.0 aUnited States. Geological survey. Bulletin 772 aMap folded in pocket. aBibliographical references. 0aGeologyzAlaskazBarrow, Point.1 aForan, W. T.q(William T.),d1893-1 aGilluly, James,d1896-1980.0 aPoint Barrow region, Alaska, A reconnaissance of the. c26382d26382